000 01095cam a2200313 i 4500
999 _c6266
_d6266
001 18169057
003 GZU
005 20210421090958.0
008 140529s2013 miua b 001 0 eng
010 _a 2013372245
020 _a9780866124126 (pbk)
020 _z9780866124133 (with online component)
040 _aDLC
_beng
_erda
_cDLC
042 _apcc
050 0 0 _aTX911.3.M27
_bKAS 2013
100 1 _aKasavana, Michael L.,
_d1947-
_eauthor
245 1 0 _aManaging front office operations /
_cMichael L. Kasavana, Ph.D.
250 _aNinth edition.
264 1 _aLansing, Michigan :
_bAmerican Hotel & Lodging Educational Institute,
_c[2013]
300 _axiv, 649 pages :
_billustrations ;
_c23 cm
336 _atext
_btxt
_2rdacontent
337 _aunmediated
_bn
_2rdamedia
338 _avolume
_bnc
_2rdacarrier
504 _aIncludes bibliographical references and index.
650 0 _aHotel management.
906 _a7
_bcbc
_corigcop
_d2
_encip
_f20
_gy-gencatlg
942 _2lcc
_cBK
_e9th edition
_h911.3.M27
_iKAS
_kTX